| 000 | 00654nam a2200205 i 4500 | ||
|---|---|---|---|
| 001 | bg | ||
| 100 | 1 | _aCHRABONSZCZEWSKA, Elżbieta. | |
| 245 | 0 |
_aEuropejski System Walutowy : _binstrumenty polityki monetarnej / _cElżbieta Chrabonszczewska ; Szkoła Główna Handlowa. |
|
| 260 |
_aWarszawa : _b"Poltext", _c1992. |
||
| 300 |
_a86 s. ; _c21 cm. |
||
| 490 | 1 | _aStudia Finansowo-Bankowe | |
| 650 | 9 | _aEuropejski System Walutowy | |
| 650 | 9 |
_aPieniądz _xpolityka _xUnia Europejska |
|
| 830 | _aStudia Finansowo-Bankowe | ||
| 040 | _cBPK | ||
| 041 | _apol | ||
| 080 | _a336.74(4-15)(075.8) | ||
| 942 | _cKS | ||
| 008 | s pl f |000 0 pol | ||
| 999 |
_c5671 _d5671 |
||
| 856 |
_uhttp://koha.tu.koszalin.pl/cgi-bin/koha/opac-detail.pl?biblionumber=5671 _yKatalog online BPK |
||